000 00761nam a22001937a 4500
005 20120906122421.0
010 _aB-463563
020 _a9788129112873
_c295.00
035 _aB-463563
037 _adpl
_bRBC Pub/Ven
082 _a954.13
245 _aThe doon valley across the years/
_cedited by Ganesh Saili
260 _aNew Delhi
_bRupa.Co
_c2007
270 _a7/16,Ansari Road, Daryaganj
_bNew Delhi
_e110002
300 _a192p.
_c22cm.(Hb)
942 _2ddc
_cEN
_mDOO
_h954.13
999 _c69755
_d69755